مكتبة جامعة عجلون الوطنية

فهرس بحث المكتبة

مقدمة في علم الاجتماع (Record no. 17889)

MARC details
000 -LEADER
fixed length control field 00940nam a2200241Ii 4500
003 - CONTROL NUMBER IDENTIFIER
control field JO-AjNU
008 - FIXED-LENGTH DATA ELEMENTS--GENERAL INFORMATION
fixed length control field 230605s9999||||xx |||||||||||||| ||und||
017 ## - COPYRIGHT OR LEGAL DEPOSIT NUMBER
Copyright or legal deposit number 1981/3606
020 ## - INTERNATIONAL STANDARD BOOK NUMBER
International Standard Book Number 977-7349-39-4
040 ## - CATALOGING SOURCE
Original cataloging agency JO-AjNU
Language of cataloging ara
Description conventions rda
Transcribing agency JO-AjNU
041 ## - LANGUAGE CODE
Language code of text/sound track or separate title ara
050 14 - LIBRARY OF CONGRESS CALL NUMBER
Classification number HM66.I512 1981
100 3# - MAIN ENTRY--PERSONAL NAME
Personal name تأليف انكلز، اليكس ؛ ترجمة وتقديم: محمد الجوهري، علياء شكري، السيد محمد الحسيني، محمد علي محمد,
Relator term author
9 (RLIN) 34833
245 00 - TITLE STATEMENT
Title مقدمة في علم الاجتماع
250 ## - EDITION STATEMENT
Edition statement ط5
264 31 - PRODUCTION, PUBLICATION, DISTRIBUTION, MANUFACTURE, AND COPYRIGHT NOTICE
Place of production, publication, distribution, manufacture القاهرة: دار المعارف، 1981
300 ## - PHYSICAL DESCRIPTION
Extent 278ص
Other physical details يحتوي على ببلوغرافية من 271-278ص
336 ## - CONTENT TYPE
Content type term text
Content type code txt
Source rdacontent
337 ## - MEDIA TYPE
Media type term unmediated
Media type code n
Source rdamedia
338 ## - CARRIER TYPE
Carrier type term volume
Carrier type code nc
Source rdacarrier
490 0# - SERIES STATEMENT
Series statement سلسلة علم الاجتماع المعاصر؛ 15
650 #4 - SUBJECT ADDED ENTRY--TOPICAL TERM
Topical term or geographic name entry element علم الاجتماع
9 (RLIN) 34834
Holdings
Withdrawn status Lost status Source of classification or shelving scheme Damaged status Not for loan Home library Current library Shelving location Date acquired Total Checkouts Full call number Barcode Date last seen Price effective from Koha item type
    Library of Congress Classification     مكتبة جامعة عجلون الوطنية مكتبة جامعة عجلون الوطنية المجموعات العامة 06/06/2023   HM66.I512 1981 A14321 06/06/2023 06/06/2023 Books